| 000 -CABECERA |
| Longitud fija campo de control |
00806nam a2200229 a 4500 |
| 001 - NÚMERO DE CONTROL |
| Número de control |
990 |
| 003 - IDENTIFICADOR DEL NÚMERO DE CONTROL |
| Identificador del número de control |
CDMR |
| 005 - FECHA Y HORA DE LA ÚLTIMA TRANSACCIÓN |
| Fecha y hora de la última transacción |
20131031103306.0 |
| 008 - CÓDIGOS DE INFORMACIÓN DE LONGITUD FIJA |
| Códigos de información de longitud fija |
130130s1987||||||||||||||||||||||||||||d |
| 020 ## - NÚMERO INTERNACIONAL NORMALIZADO PARA LIBROS |
| Número Internacional Normalizado para Libros (ISBN) |
9509113370 |
| 040 ## - FUENTE DE LA CATALOGACIÓN |
| Centro catalogador de origen |
CDMR |
| Lengua de catalogación |
cat |
| Centro transcriptor |
CDMR |
| 100 1# - PUNTO DE ACCESO PRINCIPAL-NOMBRE DE PERSONA |
| Nombre de persona |
Calvi, Fabrizio |
| 9 (RLIN) |
773 |
| 245 13 - MENCIÓN DE TÍTULO |
| Título |
El misterio de la mafia |
| Resto del título |
: documentada investigación periodística de los entretelones de la mafia desde 1950 hasta la fecha |
| Mención de responsabilidad, etc. |
Fabrizio Calvi ; prefacio de Leonardo Sciascia |
| 260 ## - PUBLICACIÓN, DISTRIBUCIÓN, ETC. (PIE DE IMPRENTA) |
| Lugar de publicación, distribución, etc. |
Barcelona |
| Nombre del editor, distribuidor, etc. |
Gedisa |
| 260 ## - PUBLICACIÓN, DISTRIBUCIÓN, ETC. (PIE DE IMPRENTA) |
| Lugar de publicación, distribución, etc. |
Buenos Aires |
| Fecha de publicación, distribución, etc. |
1987 |
| Nombre del editor, distribuidor, etc. |
Prensa Médica Argentina [impressor] |
| 300 ## - DESCRIPCIÓN FÍSICA |
| Extensión |
190 p. |
| 490 0# - MENCIÓN DE SERIE |
| Mención de serie |
Documento Periodístico |
| 490 0# - MENCIÓN DE SERIE |
| Mención de serie |
Libertad y Cambio. |
| -- |
Experiencias, Testimonios y Hechos Reales |
| 650 04 - PUNTO DE ACCESO ADICIONAL DE MATERIA - TÉRMINO DE MATERIA |
| 9 (RLIN) |
797 |
| Término de materia o nombre geográfico como elemento inicial |
Reportatges literaris |
| 650 04 - PUNTO DE ACCESO ADICIONAL DE MATERIA - TÉRMINO DE MATERIA |
| 9 (RLIN) |
4238 |
| Término de materia o nombre geográfico como elemento inicial |
Crim organitzat |
| 942 ## - ENTRADA DE ELEMENTOS AGREGADOS (KOHA) |
| Koha [por defecto] tipo de item |
Monografies |
| Fuente de clasificaión o esquema |
|